| 000 | 00626nam a2200205 a 4500 | ||
|---|---|---|---|
| 005 | 20210223125052.0 | ||
| 008 | 030813s2000 mx r 000 0 spa d | ||
| 020 | _a958655404X | ||
| 035 | _aUPN01000127912 | ||
| 049 | _aCG | ||
| 050 | 4 |
_aRC667 _bM3.7 |
|
| 245 | 0 | 0 |
_aManual de normas y procedimientos en cardiología / _cElkin Castaño... [et al.] ; ed. Juan Manuel Senior. |
| 260 |
_aBogota : _bUniversidad de Antioquia, _c2000. |
||
| 300 | _a345 p. | ||
| 440 | 0 | _aYuluka / Medicina | |
| 650 | 4 |
_aCARDIOLOGIA _96902 |
|
| 650 | 4 |
_aCORAZON - _xENFERMEDADES _910330 |
|
| 700 | 1 |
_aCastaño, Elkin, _ecoaut. |
|
| 905 | _aLibro | ||
| 999 |
_c100091 _d100091 |
||